<?xml version="1.0" encoding="UTF-8"?>
<record
    xmlns:xsi="http://www.w3.org/2001/XMLSchema-instance"
    xsi:schemaLocation="http://www.loc.gov/MARC21/slim http://www.loc.gov/standards/marcxml/schema/MARC21slim.xsd"
    xmlns="http://www.loc.gov/MARC21/slim">

  <leader>00358nam a2200145Ia 4500</leader>
  <controlfield tag="005">20241205140830.0</controlfield>
  <controlfield tag="008">231221s9999    xx            000 0 und d</controlfield>
  <datafield tag="020" ind1=" " ind2=" ">
    <subfield code="a">9788188452347</subfield>
  </datafield>
  <datafield tag="082" ind1=" " ind2=" ">
    <subfield code="a">158.1  HIL;1  R</subfield>
  </datafield>
  <datafield tag="100" ind1=" " ind2=" ">
    <subfield code="a">Hill, Nepoleon.</subfield>
  </datafield>
  <datafield tag="245" ind1=" " ind2="0">
    <subfield code="a">Think and grow rich</subfield>
  </datafield>
  <datafield tag="260" ind1=" " ind2=" ">
    <subfield code="c">2004</subfield>
    <subfield code="b">Embassy Book</subfield>
    <subfield code="a">Mumbai</subfield>
  </datafield>
  <datafield tag="300" ind1=" " ind2=" ">
    <subfield code="a">xviii, 304</subfield>
  </datafield>
  <datafield tag="942" ind1=" " ind2=" ">
    <subfield code="c">AR</subfield>
  </datafield>
  <datafield tag="999" ind1=" " ind2=" ">
    <subfield code="c">232537</subfield>
    <subfield code="d">232537</subfield>
  </datafield>
  <datafield tag="952" ind1=" " ind2=" ">
    <subfield code="r">2024-01-26 00:00:00</subfield>
    <subfield code="l">0</subfield>
    <subfield code="o">158.1  HIL;1  R</subfield>
    <subfield code="p">AR718</subfield>
    <subfield code="W">25</subfield>
    <subfield code="v">93.75</subfield>
    <subfield code="w">2024-01-26</subfield>
    <subfield code="y">AR</subfield>
    <subfield code="1">0</subfield>
    <subfield code="2">ddc</subfield>
    <subfield code="4">0</subfield>
    <subfield code="7">0</subfield>
    <subfield code="8">ARCH</subfield>
    <subfield code="0">0</subfield>
    <subfield code="K">BANG/2016/CRB/609</subfield>
    <subfield code="a">FOA</subfield>
    <subfield code="b">FOA</subfield>
    <subfield code="c">ARCH</subfield>
    <subfield code="d">2016-11-16</subfield>
    <subfield code="e">Intact Book House Pvt Ltd</subfield>
    <subfield code="g">125.00</subfield>
    <subfield code="E">ARCH</subfield>
    <subfield code="G">RS</subfield>
    <subfield code="F">1</subfield>
    <subfield code="V">31.25</subfield>
    <subfield code="U">Rupees</subfield>
  </datafield>
</record>
